Minnesota architects : (Record no. 8210)

000 -LEADER
fixed length control field 00778cam a22002414a 4500
003 - CONTROL NUMBER IDENTIFIER
control field OSt
005 - DATE AND TIME OF LATEST TRANSACTION
control field 20200813130105.0
008 - FIXED-LENGTH DATA ELEMENTS--GENERAL INFORMATION
fixed length control field 091104s2010 mnua bd s000 0ceng
010 ## - LIBRARY OF CONGRESS CONTROL NUMBER
LC control number 2009046763
020 ## - INTERNATIONAL STANDARD BOOK NUMBER
International Standard Book Number 9780816644636 (hc : alk. paper)
020 ## - INTERNATIONAL STANDARD BOOK NUMBER
International Standard Book Number 9780816644643 (pbk. : alk. paper)
040 ## - CATALOGING SOURCE
Original cataloging agency DLC
Transcribing agency DLC
043 ## - GEOGRAPHIC AREA CODE
Geographic area code n-us-mn
050 00 - LIBRARY OF CONGRESS CALL NUMBER
Classification number NA730.M6
Item number L38 2010
082 00 - DEWEY DECIMAL CLASSIFICATION NUMBER
Classification number 720.92/2776
Edition number 22
Item number LAT
100 1# - MAIN ENTRY--PERSONAL NAME
Personal name Lathrop, Alan K.,
Dates associated with a name 1940-
245 10 - TITLE STATEMENT
Title Minnesota architects :
Remainder of title a biographical dictionary /
Statement of responsibility, etc Alan K. Lathrop.
260 ## - PUBLICATION, DISTRIBUTION, ETC. (IMPRINT)
Place of publication, distribution, etc Minneapolis :
Name of publisher, distributor, etc University of Minnesota Press,
Date of publication, distribution, etc 2010.
300 ## - PHYSICAL DESCRIPTION
Extent xiv, 233 p. :
Other physical details ill. ;
Dimensions 27 cm.
504 ## - BIBLIOGRAPHY, ETC. NOTE
Bibliography, etc Includes bibliographical references.
650 #0 - SUBJECT ADDED ENTRY--TOPICAL TERM
Topical term or geographic name as entry element Architects
Geographic subdivision Minnesota
Form subdivision Biography
-- Dictionaries.
942 ## - ADDED ENTRY ELEMENTS (KOHA)
Source of classification or shelving scheme
Holdings
Withdrawn status Lost status Source of classification or shelving scheme Damaged status Koha normalized classification for sorting Not for loan Permanent location Current location Date acquired Full call number Barcode Date last seen Price effective from Koha item type
        720_920000000000000_2776_LAT   BMS College of Architecture, Design and Planning BMS College of Architecture, Design and Planning 2020-08-13 720.92/2776 LAT AR-RD75 2020-08-13 2020-08-13 R&D Books
Copyright © 2025, The Librarian, Library and Information Centre, BMSCA D&P, Bengaluru. All Rights Reserved
web counter

Powered by Koha